000 00528nam a22001817a 4500
003 KOHA_MİRAKIL
005 20251221114853.0
008 251221b tu ||||| |||| 00| 0 tur d
020 _a9786257791397
040 _aTR-AnABB
_btur
_cTR-AnABB
041 _atur
082 _a956.1023
_bSAK 2022
245 1 0 _aSakarya Melhame-i Kübrâsı /
260 _aAnkara :
_bMilli Savunma Üniversitesi Kara Harp Okulu Dekanlığı,
_c2022
300 _a202 sayfa ;
_c22 cm
650 0 4 _aSakarya Meydan Savaşı
942 _2ddc
_cBK
999 _c9809
_d9809
900 _bGizem YORULMAZ